000 00558nam a22001817a 4500
005 20251108164351.0
008 250721s1996 xx 000 0 ara d
082 1 4 _a657.48/حيا
100 1 _aالحيالي، وليد ناجي
245 1 0 _aالتحليل المالي /
264 1 _aعمان :
_bدار حنين للنشر و التوزيع،
_c1996.
300 _a320ص
650 1 7 _aالتحليل المالي
650 1 7 _aالمحاسبة المالية
700 1 _aالبطمة، محمد عثمان
942 _2ddc
_cBK
999 _c10422
_d10422